000 01263 a2200229 4500
001 11405
003 IN-BhIIT
005 20260218151111.0
008 260218b |||||||| |||| 00| 0 eng d
020 _a9788123911458 (pbk.)
040 _aIN-BhIIT
041 _aeng
082 _a621.3822
_bGOP/P
100 _a Gopal, R
_914176
245 _aProblems and solution in signal and systems /
_cR Gopal
260 _aNew Delhi :
_bCBS Publishers & Distributors,
_c2011.
300 _av, 354 p. :
_bill. ;
_c19 cm.
504 _aIncludes bibliographical references. and index.
520 _aThis book covers all important and major topics taught at the undergraduate level in an engineering college. All the problems have been discussed at length and detailed line diagrams given extensively to help the reader understand the basics and grasp the logic. This book is suitable for preparing for all university examinations and also to face the competitions. This feature is expected to help the reader in visualising the patterns of problems and the extent and level of difficulty in solving the questions likely to be encountered in the examination and thus tackling the problems with confidence and success.
650 _aElectrical engineering
942 _cTRB
999 _c15312
_d15312